000 00615nam a22001697a 4500
003 OSt
005 20241214092847.0
008 241022b |||||||| |||| 00| 0 eng d
040 _c0
082 _aDPer050 M72 January-March 2018 v. 66 no. 8-10
100 _aCastro, Mark Pol M.
_eauthor.
_963309
245 _aGrassroots views :
_bthe issue and challenges in the implementation of mtb-mle /
_cMark Pol M. Castro.
260 _aPhilippines;
_bPublishers association of the Philippines, Inc,
_cAugust 2018.
300 _aVolume 66,pages 86-88.
700 _aCastro, Mark Pol M.
_eauthor.
_961650
942 _2ddc
_cPER
999 _c22793
_d22793